|
|
|
|
| LEADER |
00000nam a2200000Ia 4500 |
| 008 |
171003b1999 cr ||||| |||| 00| | spa d |
| 999 |
|
|
|c 991
|d 991
|
| 020 |
|
|
|a 9977380058
|
| 090 |
|
|
|a 05.02.02
|b 911
|
| 110 |
2 |
|
|a Asociación Costarricense del Consejo Internacional de Monumentos y Sitios
|9 3219
|
| 245 |
1 |
0 |
|a Patrimonio arquitectónico de Costa Rica /
|c Asociación Costarricense del Consejo Internacional de Monumentos y Sitios
|
| 260 |
|
|
|a San José, Costa Rica :
|b García Hermanos,
|c 1999
|
| 300 |
|
|
|a 20 páginas
|
| 500 |
|
|
|a Alguna información fue tomada de la cubierta del documento
|
| 650 |
1 |
4 |
|a LUGARES Y MONUMENTOS HISTORICOS
|9 3220
|
| 650 |
1 |
4 |
|a PATRIMONIO CULTURAL
|9 3221
|
| 651 |
|
4 |
|a COSTA RICA
|9 47
|
| 942 |
|
|
|i 001523 ,001524
|h 05.02.02 911
|2 z
|c 01
|